Pain Is Cold Water (All Lyrics) - Noah Kahan - Statistics

General Stats
  • This quiz has been taken 36 times
  • The average score is 145 of 193
Answer Stats
Answer % Correct
be
100%
I
100%
in
100%
In
100%
it
100%
just
100%
like
100%
of
100%
the
100%
to
100%
was
100%
water
100%
What
100%
you
100%
You
100%
your
100%
a
94%
as
94%
at
94%
cold
94%
for
94%
glass
94%
I'm
94%
kitchen
94%
that
94%
And
89%
father
89%
fork
89%
gets
89%
heart
89%
if
89%
likely
89%
love
89%
Most
89%
my
89%
Pain's
89%
prediction
89%
road
89%
sign
89%
tall
89%
used
89%
when
89%
brain
83%
casually
83%
contagious
83%
cruel
83%
delivered
83%
hole
83%
immune
83%
leave
83%
liver
83%
mean
83%
might
83%
new
83%
news
83%
senior
83%
alone
78%
being
78%
didn't
78%
keep
78%
looked
78%
lost
78%
miss
78%
swimming,
78%
Try
78%
Cut
72%
good
72%
into
72%
word
72%
about
67%
about?
67%
bled
67%
dad's
67%
mouth
67%
angry
61%
But
61%
fighting
61%
men
61%
need
61%
where
61%
dogs
56%
some
56%
They
56%
they're
56%
across
50%
by
50%
Over
50%
river
50%
something
50%
these
50%
town
50%
won't
50%
brand
44%
come
44%
crosswalk
44%
damn
44%
days
44%
folks
44%
here
44%
lucky
44%
matter
44%
much
44%
Oh,
44%
sometimes
44%
winter
44%
ain't
39%
bitter
39%
Lord,
39%
miners
39%
old
39%
ways,
39%
friends
33%
real
33%
say
33%
sleep
33%
stayed
33%
those
33%
time
33%
killing
28%
lay
28%
leap
28%
prayer
28%
roadside
28%
still
28%
them
28%
walk
28%
weep
28%
year
28%
Yes,
28%
All
22%
homicide
22%
No matching quizzes found
Score Distribution
Percent of People with Each Score
Percentile by Number Answered
Your Score History
You have not taken this quiz